| 000 | 01011nac a22002411u 4500 | ||
|---|---|---|---|
| 008 | 100921t xxu||||| |||| 00| 0 eng d | ||
| 010 | _a 2003025337 | ||
| 020 | _a0131845497 | ||
| 082 | 0 | 0 |
_a956 _bROS |
| 100 |
_aRoskin, Michael, _919671 |
||
| 245 | 1 | 0 |
_aPolitics of the Middle East : _bCultures and Conflicts / _cMichael G. Roskin, James J. Coyle. |
| 260 |
_aUpper Saddle River, N.J. : _bPearson/Prentice Hall,2004 _c2004. |
||
| 300 |
_axxiv, 336 p. : _bill., maps ; _c24 cm. |
||
| 504 | _aIncludes bibliographical references and index. | ||
| 505 | 0 | _aCultures -- Conflicts -- The north -- The rise of the oil kingdoms -- Conflicts : the Gulf wars -- Islamic wars? | |
| 651 | 0 |
_aMiddle East. _919672 |
|
| 700 | 1 |
_aCoyle, James J., _d1921- _919673 |
|
| 856 | 4 | 1 |
_3Table of contents _uhttp://www.loc.gov/catdir/toc/ecip0411/2003025337.html |
| 942 |
_cBB _k956ROS _2ddc _hRDA-MOD |
||
| 999 |
_c1990 _d1990 |
||
| 336 |
_2rdacontent _atext _btxt |
||
| 337 |
_aunmediated _2rdamedia _bn |
||
| 338 |
_avolume _bnc _2rdacarrier |
||